Pensar la prueba : número 1 /
Guardado en:
| Autor Principal: | |
|---|---|
| Otros Autores: | , , , , , , , , |
| Formato: | Libro |
| Idioma: | Undetermined |
| Publicado: |
Ciudad Autónoma de Buenos Aires :
Editores del Sur,
2020.
|
| Edición: | 1a. ed. |
| Materias: | |
| Etiquetas: |
Agregar Etiqueta
Sin Etiquetas, Sea el primero en etiquetar este registro!
|
| LEADER | 00949nam a22003015a 4500 | ||
|---|---|---|---|
| 001 | DER.der014834 | ||
| 008 | 230919s2020####xx############000#0#und#d | ||
| 005 | 20230919105543.0 | ||
| 245 | 1 | 0 | |a Pensar la prueba : |b número 1 / |c Pablo Rovatti [et al]. |
| 250 | |a 1a. ed. | ||
| 260 | |a Ciudad Autónoma de Buenos Aires : |b Editores del Sur, |c 2020. | ||
| 300 | |a 294 p. | ||
| 100 | 1 | |a Rovatti, Pablo. | |
| 700 | 1 | |a Limardo, Alan, |e dir. | |
| 700 | 1 | |a Vázquez, Carmen, |e prol. | |
| 700 | 1 | |a Deanesi, Laura. | |
| 700 | 1 | |a Dei Vecchi, Diego. | |
| 700 | 1 | |a Hernández Lehmann. | |
| 700 | 1 | |a Larsen, Pablo. | |
| 700 | 1 | |a Lumiento, María Elena. | |
| 700 | 1 | |a Sarrabayrouse, Eugenio C. | |
| 700 | 1 | |a Varela, Agustín. | |
| 700 | 1 | |a Veleda, Diana. | |
| 650 | 7 | |a DERECHO PROCESAL PENAL | |
| 650 | 7 | |a DETERMINACIÓN DE LA PRUEBA | |
| 650 | 7 | |a DERECHO PROBATORIO | |
| 650 | 7 | |a PRUEBA EN EL JUICIO POR JURADOS | |
| 859 | |a DERECHO |b BIB. DERECHO |h 347.06 |i ROV |p 0010222 | ||
